| 000 | 00748nam a2200229 i 4500 | ||
|---|---|---|---|
| 001 | 39222 | ||
| 003 | ES-MaACL | ||
| 005 | 20230906155920.0 | ||
| 007 | t| | ||
| 008 | 030227s1977 po ||||1| por d | ||
| 100 | 1 |
_aCambre Mariño, Jesús. _934043 |
|
| 245 | 1 | 2 |
_aA agonía do fascismo espanhol / _cXesus Cambre Mariño ; [traduçao de Edgar Valles]. |
| 260 |
_a[Lisboa : _bSeara Nova], _c1977. |
||
| 300 |
_a150 p. ; _c19 cm. |
||
| 490 | 1 |
_aDe leste al oeste ; _v19 |
|
| 651 | 4 |
_aEspaña- _xHistoria- _y1939-1975, Dictadura. _9167928 |
|
| 651 | 4 |
_aEspaña- _xPolítica y gobierno- _y1975- _9159606 |
|
| 700 | 1 |
_aValles, Edgar. _9112873 |
|
| 830 | 1 |
_aDe leste al oeste ; _v19 _9229696 |
|
| 852 |
_aES-MaACL _jA-10478 |
||
| 999 |
_c39222 _d39222 |
||